| 000 | 00548nam a2200205Ia 4500 | ||
|---|---|---|---|
| 003 | OSt | ||
| 005 | 20230519114142.0 | ||
| 008 | 210423s2001 xx 000 0 und d | ||
| 040 | _cAL | ||
| 041 | _aeng | ||
| 082 |
_a305.4 _223 _bSETW |
||
| 100 |
_aSETH (Misra) _9109621 |
||
| 245 | _aWomen and development:indian experience | ||
| 260 |
_aNew Delhi _bSage Publications _c2001 |
||
| 365 |
_b475 _cINR |
||
| 650 |
_aSociology _9109622 |
||
| 650 |
_aWomen Studies _9109623 |
||
| 906 | _adevelopment:indian ; experience ; Women | ||
| 942 |
_2ddc _cBK |
||
| 999 |
_c172607 _d172607 |
||